Lý luận và phê bình văn học Những vấn đề và quan niệm hiện đại.
שמור ב:
| מחבר ראשי: | |
|---|---|
| פורמט: | ספר |
| שפה: | Vietnamese |
| יצא לאור: |
Hà Nội
Giáo dục
2008
|
| מהדורה: | Tái bản lần thứ hai |
| נושאים: | |
| תגים: |
הוספת תג
אין תגיות, היה/י הראשונ/ה לתייג את הרשומה!
|
| Thư viện lưu trữ: | Trung tâm Học liệu Lê Vũ Hùng, Trường Đại học Đồng Tháp |
|---|
| LEADER | 00843aam a22002538a 4500 | ||
|---|---|---|---|
| 001 | 00044519 | ||
| 005 | 20190807140836.0 | ||
| 008 | 130605s2012 ||||||viesd | ||
| 020 | # | # | |c 35000 |
| 041 | 0 | # | |a vie |
| 082 | 1 | 4 | |a 809 |b L600L |
| 100 | 1 | # | |a Trần, Đình Sử |
| 245 | 1 | 0 | |a Lý luận và phê bình văn học |b Những vấn đề và quan niệm hiện đại. |c Trần Đình Sử |
| 250 | # | # | |a Tái bản lần thứ hai |
| 260 | # | # | |a Hà Nội |b Giáo dục |c 2008 |
| 300 | # | # | |a 431 tr. |c 21 cm. |
| 653 | # | # | |a Liên Xô |
| 653 | # | # | |a Lý luận |
| 653 | # | # | |a Phê bình văn học |
| 653 | # | # | |a Trung Quốc |
| 653 | # | # | |a Việt Nam |
| 852 | # | # | |j KD.0026207 |j KM.0032844 |
| 910 | # | # | |d 6/8/2019 |
| 980 | # | # | |a Trung tâm Học liệu Lê Vũ Hùng, Trường Đại học Đồng Tháp |